| 000 | 01105nam a22002537a 4500 | ||
|---|---|---|---|
| 005 | 20170124103045.0 | ||
| 010 | _aA-670291 | ||
| 020 | _c125.00 | ||
| 035 | _aA-670291 | ||
| 037 | _bCen Lib/Ret | ||
| 040 |
_aDPL _bHN |
||
| 082 |
_aक _bदुलहिन |
||
| 245 |
_aदुलहिन का घूंघट तथा अन्य इस्रायली कहानिया / _cअनुवादक अशोक कौशिक |
||
| 246 |
_aDulhin ka ghoonghat tatha anya isreali kahaniyan / _banuvadak Ashok Kaushik |
||
| 260 |
_aनयी दिल्ली _bस्टार पब्लिकेशंज़ _c1994 |
||
| 270 |
_a4/5, असफ अली रोड _bनयी दिल्ली _e110002 |
||
| 300 |
_a160पृ. _c21सेमी (सजिल्द) |
||
| 650 |
_aइस्रायली साहित्य _969049 |
||
| 650 |
_aकहानी संग्रह _969050 |
||
| 650 |
_aIsreali literature _968477 |
||
| 650 |
_aStory collection _969051 |
||
| 700 |
_aकौशिक, अशोक _969052 |
||
| 942 |
_2ddc _cHN _hक _mदुलहिन |
||
| 999 |
_c116823 _d116823 |
||